Cỏ dại trong ruộng lúa và biện pháp phòng trừ
Đã lưu trong:
| 主要作者: | |
|---|---|
| 格式: | 圖書 |
| 語言: | Undetermined |
| 出版: |
H.
Nông Nghiệp
2002
|
| 主題: | |
| 標簽: |
添加標簽
沒有標簽, 成為第一個標記此記錄!
|
| Thư viện lưu trữ: | Trung tâm Học liệu Trường Đại học Cần Thơ |
|---|
| LEADER | 00564nam a2200169Ia 4500 | ||
|---|---|---|---|
| 001 | CTU_52406 | ||
| 008 | 210402s9999 xx 000 0 und d | ||
| 082 | |a 632.954 | ||
| 082 | |b Ch312 | ||
| 100 | |a Nguyễn Mạnh Chính | ||
| 245 | 0 | |a Cỏ dại trong ruộng lúa và biện pháp phòng trừ | |
| 245 | 0 | |c Nguyễn Mạnh Chính và Mai Thành Phụng | |
| 260 | |a H. | ||
| 260 | |b Nông Nghiệp | ||
| 260 | |c 2002 | ||
| 650 | |a plants, protection of,weeds - control,herbicides | ||
| 980 | |a Trung tâm Học liệu Trường Đại học Cần Thơ | ||